The 13 Storey Treehouse/ (Record no. 202947)
[ view plain ]
| 000 -LEADER | |
|---|---|
| fixed length control field | 00538 a2200205 4500 |
| 005 - DATE AND TIME OF LATEST TRANSACTION | |
| control field | 20240517135629.0 |
| 010 ## - LCCN (DPL NO) | |
| LC control number | B-759100 |
| 020 ## - INTERNATIONAL STANDARD BOOK NUMBER | |
| International Standard Book Number | 9781447279785 |
| 035 ## - SYSTEM CONTROL NUMBER | |
| System control number | B-759100 |
| 037 ## - SOURCE OF ACQUISITION | |
| Source of stock number/acquisition | Gift |
| 082 ## - DEWEY DECIMAL CLASSIFICATION NUMBER | |
| Classification number | S |
| 100 ## - MAIN ENTRY--PERSONAL NAME | |
| Personal name | Griffiths, Andy |
| 245 ## - TITLE STATEMENT | |
| Title | The 13 Storey Treehouse/ |
| Statement of responsibility, etc | Andy Griffiths |
| 260 ## - PUBLICATION, DISTRIBUTION, ETC. (IMPRINT) | |
| Place of publication, distribution, etc | London |
| Name of publisher, distributor, etc | Macmillan Children's Books |
| Date of publication, distribution, etc | 2015 |
| 270 ## - ADDRESS | |
| Address | 20 New Wharf Road |
| City | London |
| 300 ## - PHYSICAL DESCRIPTION | |
| Extent | 216 p. |
| Dimensions | 19cm (Pb) |
| 700 ## - ADDED ENTRY--PERSONAL NAME | |
| 9 (RLIN) | 66330 |
| 942 ## - ADDED ENTRY ELEMENTS (KOHA) | |
| Institution code [OBSOLETE] | dpl |
| Item type | Children Books |
| Source of classification or shelving scheme | Dewey Decimal Classification |
| Classification part | S |
| Call number suffix | GRI |
| Withdrawn status | Lost status | Not for loan | Collection code | Home library | Current library | Date acquired | Source of acquisition | Full call number | Barcode | Copy number | Koha item type | Public note |
|---|---|---|---|---|---|---|---|---|---|---|---|---|
| Fiction | Ashok Vihar | Ashok Vihar | 17/05/2024 | Gift/10.5.24 | S GRI | B-759100 | 1 | Children Books | Gift |
